000 00568nam a2200205Ia 4500
005 20250923150049.0
008 008 250917s9999 xx 000 0 eng d
037 _aTextual
040 _aDSWL
_beng
_cDSWL
041 _aeng
_2eng
084 _aL:4236, POO
_qDSWL
100 _aRamamurthy, V.
_9841807
245 0 _aGlobal patterns of HIV/AIDS transmission
_c by V.Ramamurthy
260 _aDelhi
_bAuthors Press
_c2000
300 _a311p.
365 _aINR
_b500
925 _g500
942 _cTEXL
_hL:4236, POO
999 _c1459139
_d1459139